Songs Missing Movies Quiz Stats

 Plays Quiz Updated Sep 23, 2015

Challenge
Share
Tweet
Embed
Score 0/24 Timer 04:00
0 Plays Today
Song Movie % Correct
All Shook ___Up
96.7%
Wind Beneath My ___Wings
94.5%
___ Yellow TaxiBig
88.3%
___ MashMonster
83.7%
I Got You ___Babe
83.3%
The ___ Is OnHeat
71.9%
___ Nation ArmySeven
68.9%
After the Gold ___Rush
65.4%
Rock Me ___Amadeus
61.1%
I Can't ___ 55Drive
61.1%
___ of LightRay
60.8%
I ___ the LightSaw
60.2%
Song Movie % Correct
___ KillerPsycho
56%
This ___ MomentMagic
52.8%
The Night ___ DiedChicago
46.6%
___ Up in BlueTangled
45.7%
___ FreedomPhiladelphia
43.8%
Good Day ___Sunshine
39.9%
I ___ (So Far Away)Ran
38%
She's ___ a WomanAlways
37.3%
A Message to You, ___Rudy
37%
Can I Get a ___Witness
36.3%
Over Under ___ DownSideways
34.5%
___ in the AtticToys
29.5%

You're not logged in!

Compare scores with friends on all Sporcle quizzes.
OR
Log In

You Might Also Like...

Show Comments

Extras

Top Quizzes Today


Score Distribution

Your Account Isn't Verified!

In order to create a playlist on Sporcle, you need to verify the email address you used during registration. Go to your Sporcle Settings to finish the process.

Report this User

Report this user for behavior that violates our Community Guidelines.

Details: